000 00770nma a22002057a 4500
005 20210325190135.0
006 g q ||
008 s2528 th thaeng
041 _athaeng
090 _aMAP5436 III
245 1 0 _aบ้านเขาฉกรรจ์ [Map]
260 3 _aกรุงเทพฯ :
_bกรมแผนที่ทหาร,
_c2528
300 _a1 แผ่น (มาตราส่วน 1:
_b50,000)Colour
650 0 4 _aบ้านเขาฉกรรจ์ (อ.สระแก้ว) -- ปราจีนบุรี -- แผนที่
650 0 4 _aปราจีนบุรี -- แผนที่
850 _aNALT
942 _cCD
997 _c000000000024767
_kVC
998 _aSAIPHON DEENGAM
999 _c24767
_d24767